=LDR 00000nam 2200000 4500 =001 INLIS000000000057166 =005 20201204033647 =035 ##$$a 0010-1220000067 =007 ta =008 201204###########################0#ind## =020 ##$$a 978-602-03-1796-0 =082 ##$$a 899.221 3 =084 ##$$a 899.221 3 San i =245 1#$$a Italy Spring In June /$c Sandra D. =300 ##$$a 288 halaman ; $c 21 Cm. =650 #4$$a Fiksi Indonesia =264 ##$$a Jakarta :$b Gramedia Pustaka Utama,$c 2015 =336 ##$$a teks$2 rdacontent =337 ##$$a lain-lain$2 rdamedia =338 ##$$a lain-lain$2 rdacarrier =990 ##$$a 36173617